Vista normal
Vista MARC
Entrada Personal Name
Número de registros utilizados en: 5
001 - CONTROL NUMBER
- control field: 58764
003 - CONTROL NUMBER IDENTIFIER
- control field: OSt
005 - DATE AND TIME OF LATEST TRANSACTION
- control field: 20250225161856.0
008 - FIXED-LENGTH DATA ELEMENTS
- fixed length control field: 250225|| aca||aabn | a|a d
040 ## - CATALOGING SOURCE
- Original cataloging agency: OSt
- Transcribing agency: OSt
100 ## - HEADING--PERSONAL NAME
- Personal name: Vendel, Edward van de
- Dates associated with a name: 1964-
670 ## - SOURCE DATA FOUND
- Source citation: Work cat.: (OSt)56964: Vendel, Edward van de 1964- autor, Entre palmas y aplausos/